000 00644nam a22002057a 4500
003 DO-SdBNP
005 20220927143201.0
007 ta
008 110301s1964 dr f 000 0 spa d
040 _aDO-SdBNP
_bspa
_cBNPHU
082 4 _axxxx
_bR934m
100 1 _aRuiz Escobar, Rafael
_953018
245 1 0 _aManual :
_bpara uso de los encargados de bibliotecas municipales /
_cRafael Ruiz Escobar ; prólogo Rodolfo A. Mesa Beltre
260 _aSanto Domingo :
_b[s.d.],
_c1964.
300 _a52 p. :
_c21 cm.
590 _aInventariado, 2022/ YL
700 1 2 _aMesa Beltre, Rodolfo A.
_eprol.
_982447
910 _aYLockward
942 _2ddc
_cLBS1
999 _c52485
_d52485